000 00226nam a22001097a 4500
041 _aeng
080 _a80
100 _aSmith, Brooks E.
245 _aLanguage: Structure and Use.
650 _aEnglish Practice
999 _c281331
_d281331
942 _cBK